000 00347cam a22001217a 4500
008 180718b1987 xxu||||| |||| 00| 0 eng d
082 _aY1182x5444 R18
100 _aRao, D. Vasudeva
245 _aRural development through irrigation
_cby D. Vasudeva Rao
260 _aNew Delhi
_bAshish
_c1987
300 _a153p.
650 _aIrrigation - Karnataka
999 _c352267
_d352267